90 Graus Oeste Países - Statistics

Estatísticas Gerais
  • Esse quiz foi jogado 30 vezes
  • A pontuação média é 17 de 20
Estatísticas das Respostas
graus país % Correto
16.40° Argentina
96%
15.96° Brasil
93%
14.27° Chile
93%
11.00° Colômbia
93%
0.02° Equador
93%
Canadá
89%
Estados Unidos
89%
México
89%
6.94° Panamá
89%
0.77° Belize
86%
El Salvador
86%
Guatemala
86%
8.67° Peru
86%
5.04° Cuba
82%
0.64° Honduras
82%
2.30° Nicarágua
82%
15.51° Haiti
79%
11.63° Jamaica
79%
4.05° Costa Rica
75%
10.69° Bahamas
68%
Nenhum quiz correspondente encontrado
Distribuição das Pontuações
Porcentagem de Pessoas com Cada Pontuação
Percentil de Números Respondidos
Sua Pontuação Histórica
Você não jogou esse quiz